000 00647nam a2200193 a 4500
001 000048122
005 20201002060932.0
008 181116s2003 dr 000 f spa d
020 _a9993486523
040 _aDO-SdBNP
_bspa
_cBNPHU
082 _axxxx
_bC957p
100 1 _aCruz, Eramis
_928488
245 1 0 _aPor un mejor mañana /
_cEramis Cruz ; prólogo ; Olivo de León Sandoval.
260 _aSanto Domingo :
_bPunto Mágico,
_c2003.
300 _a199 p. ;
_c21 cm.
500 _aIncluye datos biográficos del autor en la solapa de la contracubierta
590 _aInventariado, 2018/LP
700 1 _aLeón Sandoval, Olivo de,
_epról.
_975604
999 _c47610
_d47610